| 000 | 02002nam1a2200325 i 4500 | ||
|---|---|---|---|
| 001 | RU\NLR\bibl\828791 | ||
| 005 | 20260407045835.0 | ||
| 035 | _a(NLR Aleph) 001346540 | ||
| 090 |
_a894037 _c894037 |
||
| 100 | _a20050805g20049999u y0rusy50 ca | ||
| 101 | 0 | _arus | |
| 102 | _aRU | ||
| 105 | _a||||z ||||| | ||
| 200 | 1 |
_aЛица необщим выраженьем... _eистория библиотеки в судьбах ее сотрудников _eбиографические очерки _fМ-во образования и науки Рос. Федерации, Мар. гос. техн. ун-т _g[сост. Л.К. Яшина и др.] |
|
| 210 |
_aЙошкар-Ола _cМарийский государственный технический университет _d2004 |
||
| 215 | _d21 | ||
| 225 | 1 |
_aБиографические материалы _iСерия "История НТБ МарГТУ" |
|
| 463 | 0 | _1001803334 | |
| 601 | 0 | 2 |
_aМарийский государственный технический университет _bНаучно-техническая библиотека _cЙошкар-Ола, город _xКадры _92386388 _3RU\NLR\auth\661423428 |
| 601 | 0 | 2 |
_aМарийский государственный технический университет _bНаучно-техническая библиотека _cЙошкар-Ола, город _xИстория _92386376 _3RU\NLR\auth\661423422 |
| 686 | _aЧ734(2)718.1 | ||
| 702 | 1 |
_aЯшина _bЛ. К. _gЛюдмила Казимовна _4220 |
|
| 712 | 0 | 2 |
_4570 _aМарийский государственный технический университет _bНаучно-техническая библиотека _cЙошкар-Ола _9535377 _3RU\NLR\AUTH\8810018745 |
| 801 | 0 |
_aRU _bNLR _c20050805 _grcr |
|
| 801 | 1 |
_aRU _bNLR _c20050805 |
|
| 830 | _aсост. по кн. | ||
| 852 |
_aNLR _bБ |
||
| 942 | _cBOOK | ||